| 000 | 02233nam a2200361 a 4500 | ||
|---|---|---|---|
| 001 | BRCA_2493 | ||
| 005 | 20190320203833.0 | ||
| 008 | 241108s1847----sp-a---###---#000-0#spa-u | ||
| 041 | _aspa | ||
| 044 | _asp | ||
| 084 |
_a133 _b.G38 _c1847 |
||
| 100 | 1 |
_aCervantes Saavedra, Miguel de _d1547-1616 _9213 |
|
| 245 | 1 | 0 |
_aEl Ingenioso Hidalgo Don Quijote de la Mancha _ccompuesto por Miguel de Cervantes Saavedra. |
| 260 |
_aMadrid _bGaspar y Roig _c1847 |
||
| 300 |
_axl, 729 p. _bil. _c27 cm. |
||
| 500 | _aContenido : Primera parte. Retratro de Cervantes. Advertencia de los editores. Dedicatoria del autor. Prólogo del autor. Versos preliminares. Texto. Segunda parte. Dedicatoria del autor. Prólogo del autor. Observaciones de J. E. Hartzenbusch al comentario del Quijote por Clemencín. Vida de Cervantes por Quintana. La locura contagiosa por Hartzenbusch y algunas poesías dirigidas a Don Quijote y Sancho Panza por varios autores. Texto | ||
| 500 | _aEdición : Novísima edición clásica ilustrada. Con notas históricas, gramaticales y críticas de la Academia Española por Pellicer, Arrieta y Clemencín. Aumentada y corregida por Francisco Salas. Grabados ejecutados por los mejores artistas españoles | ||
| 500 | _aNotable edición con observaciones de J. Eugenio Hartzenbusch al Comentario de D. Clemencín, Vida de Cervantes, por Quintana, La locura contagiosa, pieza dramática de J. E. Hartzenbusch, etcétera Lúdovik Osterc | ||
| 500 | _aEstado físico : Encuadernación desprendida en la cubierta y lomo | ||
| 500 | _aCon ex-libris de : Dr. A. Gifré | ||
| 500 | _aQM116A | ||
| 650 | 1 | 4 |
_aNovela española _yÉpoca clásica, 1500-1700 _9215 |
| 650 | 1 | 4 |
_aLiteratura española _yÉpoca clásica, 1500-1700 _9216 |
| 650 | 1 | 4 |
_aNovela española _ySiglo XVII _9217 |
| 650 | 1 | 4 |
_aDon Quijote (Personaje ficticio) _eNovela _9218 |
| 700 | 1 |
_aQuintana, José Manuel _d1772-1857 _eBiógrafo _97187 |
|
| 700 | 1 |
_aPellicer y Pilares, Juan Antonio _d1738-1806 _eBiógrafo _97188 |
|
| 700 | 1 |
_aGarcía Arrieta, Agustín _d1775-1834 _eAnotador _97189 |
|
| 700 | 1 |
_aClemencín y Viñas, Diego _d1785-1834 _eAnotador _97190 |
|
| 740 | 0 | _aEl Ingenioso Hidalgo Don Quijote de la Mancha | |
| 902 | _aQFM | ||
| 942 |
_2lcc _cB |
||
| 999 |
_c2234 _d2234 |
||